Medical supplies annual directory : 2013.
| Format: | Book |
|---|---|
| Published: |
Subang Jaya, Selangor:
Corporate 21,
2013.
|
| Subjects: |
| LEADER | 00426cam a2200133 7i4500 | ||
|---|---|---|---|
| 001 | 0000031580 | ||
| 005 | 20160816090000.0 | ||
| 090 | 0 | 0 | |a M 610.025 |b MED |
| 245 | 0 | 0 | |a Medical supplies annual directory : |b 2013. |
| 260 | 0 | 0 | |a Subang Jaya, Selangor: |b Corporate 21, |c 2013. |
| 300 | # | # | |a [v.p]. |
| 650 | 0 | 0 | |a Medical supplies -- |x Directories -- |z Malaysia |
| 651 | 0 | 0 | |a Malaysia |
| 999 | |a B000034580 |b Directories |c Products |e Business Information Centre | ||